[Event "4MCR_3DW_1L_3S"]
[Site "CR"]
[Date "2011.??.??"]
[Round "?"]
[White "Pecka, Josef"]
[Black "Tunega, Frantisek"]
[Result "1-0"]
[WhiteElo "2352"]
[BlackElo "2244"]
[Annotator "080"]
[PlyCount "113"]
[EventDate "2011.??.??"]
[EventType "corr"]

1. e4 c5 2. Nf3 Nc6 3. d4 cxd4 4. Nxd4 Nf6 5. Nc3 e5 6. Ndb5 d6 7. Bg5 a6 8.
Na3 b5 9. Bxf6 gxf6 10. Nd5 Bg7 11. Bd3 Ne7 12. Nxe7 Qxe7 13. O-O O-O 14. c4 f5
15. Qf3 Rd8 16. exf5 Bb7 17. Be4 Bxe4 18. Qxe4 bxc4 19. Rad1 c3 20. Nc4 cxb2
21. Nxb2 Rac8 22. Nc4 Rc5 23. Ne3 f6 24. Rd3 Qf7 25. Rfd1 Bf8 26. Nd5 a5 27.
Qh4 Bg7 28. h3 Kh8 29. Kh2 Rb8 30. Nc3 Rb4 31. Ne4 d5 32. f3 Rcb5 33. Qe1 Bf8
34. Nc3 Rb8 35. Nxd5 Ra4 36. Ne3 Rd4 37. Qxa5 Bd6 38. Kh1 Bc7 39. Qc5 Bb6 40.
Qc6 Rxd3 41. Rxd3 Bd4 42. Kh2 Qf8 43. Nd5 Rd8 44. Rd1 Rd6 45. Qb7 Qg8 46. Ne7
Qd8 47. h4 Rb6 48. Qe4 Rd6 49. Nc6 Qd7 50. Rc1 Bb6 51. a4 Bc7 52. Na7 Bd8 53.
Nb5 Rd2 54. Rc6 h5 55. Qb4 Be7 56. Qc3 Qd5 57. Rc8+ 1-0

[Event "4MCR_3DW_1L_3S"]
[Site "CR"]
[Date "2011.??.??"]
[Round "?"]
[White "Valak, Alois"]
[Black "Schwarz, Jan"]
[Result "1-0"]
[WhiteElo "2421"]
[BlackElo "2291"]
[Annotator "081"]
[PlyCount "123"]
[EventDate "2011.??.??"]
[EventType "corr"]

1. e4 e5 2. Nf3 Nc6 3. Bb5 Nf6 4. O-O Nxe4 5. d4 Nd6 6. Bxc6 dxc6 7. dxe5 Nf5
8. Qxd8+ Kxd8 9. Nc3 Ke8 10. Rd1 h6 11. h3 Be6 12. g4 Ne7 13. Nd4 Rd8 14. Nxe6
Rxd1+ 15. Nxd1 fxe6 16. f4 Nd5 17. Kg2 Bc5 18. Bd2 Rf8 19. Kg3 Ke7 20. h4 Rd8
21. h5 Bb4 22. c3 Bc5 23. Kf3 a5 24. a4 Bb6 25. b3 Nb4 26. Ke2 Na6 27. Rb1 Nc5
28. Nf2 Kf7 29. Bc1 Nd7 30. Ne4 Nc5 31. Nxc5 Bxc5 32. Be3 Bxe3 33. Kxe3 c5 34.
g5 Rh8 35. Rd1 Ke7 36. Rg1 Kf7 37. Ke4 hxg5 38. Rxg5 Rh6 39. f5 Rh7 40. Kf4 Rh6
41. fxe6+ Kxe6 42. Kg4 Rh7 43. c4 b6 44. Kg3 Rh6 45. Kf4 Kf7 46. Kf5 Ke8 47. e6
Kf8 48. Ke5 Ke8 49. Kd5 Kd8 50. Rf5 Ke8 51. Kc6 Rxe6+ 52. Kxc7 Rh6 53. Rd5 Kf7
54. Rd7+ Kf8 55. Kb7 Rxh5 56. Kxb6 Rh3 57. Kxc5 Rxb3 58. Kd6 Rd3+ 59. Kc6 Ra3
60. c5 g5 61. Kd6 Rd3+ 62. Kc7 1-0

[Event "4MCR_3DW_1L_3S"]
[Site "CR"]
[Date "2011.??.??"]
[Round "?"]
[White "Jirku, Jaroslav"]
[Black "Pecka, Josef"]
[Result "1/2-1/2"]
[WhiteElo "2321"]
[BlackElo "2352"]
[Annotator "082"]
[PlyCount "86"]
[EventDate "2011.??.??"]
[EventType "corr"]

1. e4 c5 2. Nf3 d6 3. d4 cxd4 4. Nxd4 Nf6 5. Nc3 g6 6. Be3 Bg7 7. f3 O-O 8. Qd2
Nc6 9. O-O-O d5 10. exd5 Nxd5 11. Nxc6 bxc6 12. Nxd5 cxd5 13. Qxd5 Qc7 14. Qc5
Qb7 15. Qa3 Bf5 16. Bd3 Rab8 17. b3 Qc6 18. Qa5 Qf6 19. Bxf5 Qb2+ 20. Kd2 gxf5
21. Ke2 Rfc8 22. Rc1 Rxc2+ 23. Rxc2 Qxc2+ 24. Qd2 Qc7 25. Bf4 e5 26. Rc1 Qe7
27. Be3 Rd8 28. Qc2 Qf6 29. Qc7 Qa6+ 30. Kf2 Bf6 31. Qc2 f4 32. Bc5 Rd5 33. b4
Bd8 34. a4 Qe6 35. a5 Bh4+ 36. Kg1 Qd7 37. Qc4 h5 38. Qe2 Rd2 39. Qf1 Rd5 40.
h3 Be7 41. Bxe7 Qxe7 42. Qe1 Kg7 43. Qe4 Rd2 1/2-1/2

[Event "4MCR_3DW_1L_3S"]
[Site "CR"]
[Date "2011.??.??"]
[Round "?"]
[White "Dojcinovic, Miroslav"]
[Black "Tunega, Frantisek"]
[Result "0-1"]
[WhiteElo "1792"]
[BlackElo "2244"]
[Annotator "083"]
[PlyCount "144"]
[EventDate "2011.??.??"]
[EventType "corr"]

1. e4 c5 2. Nf3 Nc6 3. d4 cxd4 4. Nxd4 Nf6 5. Nc3 e5 6. Nb3 Bb4 7. Bg5 h6 8.
Bxf6 Bxc3+ 9. bxc3 Qxf6 10. Bb5 O-O 11. O-O Ne7 12. Qd2 d6 13. f4 d5 14. fxe5
Qb6+ 15. Nd4 dxe4 16. Rae1 Bf5 17. Rb1 Qc5 18. Be2 Bg6 19. Rxb7 Qxe5 20. Rb5
Qc7 21. c4 a6 22. Rbb1 Qc5 23. Qe3 Rac8 24. c3 Rfd8 25. Rb7 Nf5 26. Nxf5 Bxf5
27. Qxc5 Rxc5 28. Kf2 Be6 29. Ke3 Rdc8 30. Kxe4 f5+ 31. Kd4 Bxc4 32. Bxc4+
Rxc4+ 33. Kd5 R8c5+ 34. Kd6 Rxc3 35. Rb6 Ra5 36. Rf2 Rca3 37. Rbb2 R3a4 38.
Rbd2 f4 39. Kc6 Kh7 40. Kd6 g5 41. Rc2 g4 42. Rfd2 Kg6 43. Kc6 Kf5 44. Rf2 Ra3
45. Rc4 f3 46. gxf3 gxf3 47. Rh4 Re5 48. Rh5+ Kf4 49. Rxh6 Rf5 50. Rh3 Rd3 51.
Rb2 Ke4 52. Rf2 Ke3 53. Rg2 Rd2 54. Rg1 Ke2 55. Rh8 f2 56. Re8+ Kf3 57. Rb1 Rb2
58. Ra1 Re2 59. Rxe2 Kxe2 60. Kb6 Rf6+ 61. Ka5 f1=Q 62. Rxf1 Kxf1 63. a3 Kg2
64. h4 Kg3 65. h5 Kg4 66. a4 Kxh5 67. Kb4 Rf5 68. Kb3 Kg6 69. Kb4 Kf6 70. Kc4
Ke6 71. Kb4 Kd6 72. Kc4 Rf4+ 0-1

[Event "4MCR_3DW_1L_3S"]
[Site "CR"]
[Date "2011.??.??"]
[Round "?"]
[White "Pecka, Josef"]
[Black "Vanek, Vladimir"]
[Result "1/2-1/2"]
[WhiteElo "2352"]
[BlackElo "1918"]
[Annotator "084"]
[PlyCount "86"]
[EventDate "2011.??.??"]
[EventType "corr"]

1. e4 e5 2. Nf3 Nc6 3. Bc4 Be7 4. O-O Nf6 5. d3 O-O 6. Bb3 d6 7. c3 Na5 8. Bc2
c5 9. Nbd2 Nc6 10. h3 h6 11. Nc4 Be6 12. Re1 Re8 13. Ne3 Bf8 14. a3 b5 15. d4
cxd4 16. cxd4 exd4 17. Nxd4 Nxd4 18. Qxd4 Rc8 19. Bd2 d5 20. exd5 Nxd5 21. Nxd5
Qxd5 22. Qxd5 Bxd5 23. Bf5 Rxe1+ 24. Rxe1 Ra8 25. Be3 g6 26. Bd7 Bc4 27. Bc6
Rc8 28. Bf3 a5 29. Rc1 a4 30. Be2 f5 31. g3 Kf7 32. Bd4 Ke6 33. h4 h5 34. Rc2
Kd7 35. Bf3 Be7 36. Bc3 Ke6 37. Rd2 Rc7 38. Ba5 Rd7 39. Bc6 Rd3 40. Rxd3 Bxd3
41. Bc3 Bd8 42. f4 Bb6+ 43. Kh2 Ke7 1/2-1/2

[Event "4MCR_3DW_1L_3S"]
[Site "CR"]
[Date "2011.??.??"]
[Round "?"]
[White "Dojcinovic, Miroslav"]
[Black "Vanek, Vladimir"]
[Result "0-1"]
[WhiteElo "1792"]
[BlackElo "1918"]
[Annotator "085"]
[PlyCount "154"]
[EventDate "2011.??.??"]
[EventType "corr"]

1. e4 g6 2. d4 Bg7 3. Nc3 d6 4. Be3 a6 5. Nf3 b5 6. Bd3 Nd7 7. O-O Bb7 8. a4 b4
9. Ne2 Ngf6 10. Ng3 O-O 11. h3 c5 12. d5 Qc7 13. Qe2 Rfe8 14. c3 bxc3 15. bxc3
e6 16. c4 Nxd5 17. cxd5 exd5 18. Qc2 Bxa1 19. Rxa1 dxe4 20. Nxe4 Qc6 21. Ng3
Rac8 22. Rb1 Ba8 23. Bf4 d5 24. Be2 c4 25. Qc3 Qf6 26. Qxf6 Nxf6 27. Nd4 h5 28.
Rb6 Nd7 29. Rxa6 Nc5 30. Rb6 Nxa4 31. Rb4 Nc5 32. h4 Re7 33. Rb1 Rb7 34. Re1
Rb2 35. Bc1 Rb1 36. Kf1 Rcb8 37. Bf4 R8b2 38. Bd2 f6 39. Bc3 Rb8 40. f4 f5 41.
Rxb1 Rxb1+ 42. Kf2 Na4 43. Ba5 Ra1 44. Bb4 Bb7 45. Ke3 Rb1 46. Bd6 Kh7 47. Be5
Nc5 48. Bd6 Nd7 49. Be5 Kg8 50. Bc7 Kf7 51. Nxh5 gxh5 52. Bxh5+ Kg8 53. Bf3 Nc5
54. Be5 c3 55. Ne2 Rd1 56. Nxc3 d4+ 57. Ke2 Bxf3+ 58. gxf3 Rh1 59. Bxd4 Ne6 60.
Bf6 Nxf4+ 61. Kf2 Rc1 62. Nb5 Rc2+ 63. Ke1 Kf7 64. Bg5 Ne6 65. Nd6+ Kg6 66. Be3
f4 67. Bf2 Nc5 68. Bd4 Nd3+ 69. Kd1 Rh2 70. Nc4 Kf5 71. Nd6+ Ke6 72. Ne4 Ne5
73. Ng5+ Kf5 74. Bxe5 Kxe5 75. Nf7+ Kd4 76. Nh6 Rf2 77. Nf5+ Ke5 0-1

[Event "4MCR_3DW_1L_3S"]
[Site "CR"]
[Date "2011.??.??"]
[Round "?"]
[White "Vanek, Vladimir"]
[Black "Valak, Alois"]
[Result "0-1"]
[WhiteElo "1918"]
[BlackElo "2421"]
[Annotator "086 - PCL"]
[PlyCount "108"]
[EventDate "2011.??.??"]
[EventType "corr"]

1. d4 d5 2. c4 e6 3. Nf3 c6 4. Qc2 Nf6 5. Bg5 dxc4 6. Qxc4 b5 7. Qc2 Bb7 8. e3
Nbd7 9. Bd3 a6 10. a4 Bb4+ 11. Nc3 h6 12. Bh4 c5 13. Bxf6 Nxf6 14. dxc5 O-O 15.
axb5 axb5 16. O-O Bxc5 17. Nxb5 Rc8 18. Qe2 Qb6 19. Rfd1 Rfd8 20. Nc3 Be7 21.
Qc2 g6 22. h3 Kg7 23. e4 Nd7 24. Qe2 Nc5 25. Bc4 Qc7 26. Rdc1 Qf4 27. g3 Qc7
28. Kh2 Qb6 29. Rc2 Bf6 30. Nd2 h5 31. e5 Bg5 32. f4 Be7 33. h4 Rd4 34. Bb5 Qd8
35. Ra7 Ra8 36. Rxa8 Bxa8 37. Qf2 Rb4 38. Qg1 Qb8 39. Qf1 Qb7 40. Kh3 Kh6 41.
Kh2 Kh7 42. Kh3 Kg7 43. Ndb1 Nb3 44. Bd3 Rd4 45. Rh2 Qb6 46. Be2 Qd8 47. Bc4
Nc5 48. b3 Ne4 49. Ra2 Bb4 50. Nxe4 Bxe4 51. Be2 Qd5 52. Rb2 Qa8 53. Qg1 Rd8
54. Bc4 Bf5+ 0-1

[Event "4MCR_3DW_1L_3S"]
[Site "CR"]
[Date "2011.??.??"]
[Round "?"]
[White "Jirku, Jaroslav"]
[Black "Vanek, Vladimir"]
[Result "1-0"]
[WhiteElo "2321"]
[BlackElo "1918"]
[Annotator "087 - PCL"]
[PlyCount "93"]
[EventDate "2011.??.??"]
[EventType "corr"]

1. e4 e5 2. Nf3 Nc6 3. Bb5 a6 4. Ba4 Nf6 5. O-O b5 6. Bb3 Bc5 7. c3 d6 8. a4
Bg4 9. h3 Bxf3 10. Qxf3 O-O 11. d3 Na5 12. Bc2 b4 13. Nd2 Rb8 14. Re1 Re8 15.
Rb1 h6 16. Nf1 d5 17. Ng3 bxc3 18. bxc3 Rxb1 19. Bxb1 Nb3 20. Ba2 Nxc1 21. Rxc1
c6 22. Nf5 Kh7 23. Rb1 Qd7 24. Ne3 Rd8 25. exd5 cxd5 26. d4 exd4 27. cxd4 Ba7
28. Bb3 Qc6 29. Rd1 Qe6 30. h4 Kg8 31. h5 Bb6 32. g3 Ba5 33. Kg2 Bb4 34. Rb1
Bd2 35. Bc2 Qc6 36. Bd1 Ne4 37. Ng4 Bc3 38. Ne5 Qc7 39. Qd3 Rc8 40. Bb3 Nf6 41.
Ba2 Kf8 42. Rc1 Qa5 43. Qb1 Qc7 44. Qb3 Kg8 45. Nd3 Nxh5 46. Qxd5 Nf6 47. Qf3
1-0

[Event "4MCR_3DW_1L_3S"]
[Site "CR"]
[Date "2011.??.??"]
[Round "?"]
[White "Valak, Alois"]
[Black "Jirku, Jaroslav"]
[Result "1/2-1/2"]
[WhiteElo "2421"]
[BlackElo "2321"]
[Annotator "088"]
[PlyCount "114"]
[EventDate "2011.??.??"]
[EventType "corr"]

1. e4 e5 2. Nf3 Nc6 3. Bb5 a6 4. Ba4 Nf6 5. O-O Be7 6. Re1 b5 7. Bb3 O-O 8. h3
d6 9. c3 Nb8 10. d4 Nbd7 11. Nbd2 Bb7 12. Bc2 Re8 13. a4 c5 14. d5 c4 15. b3
cxb3 16. Nxb3 Qc7 17. Bd3 Qxc3 18. Be3 Qc7 19. Qb1 Reb8 20. Rc1 Qd8 21. Nfd2
Nh5 22. axb5 axb5 23. Ba7 Rc8 24. Bxb5 Rxc1+ 25. Qxc1 f5 26. Be3 Nhf6 27. f3
Rxa1 28. Qxa1 Qc7 29. Na5 fxe4 30. fxe4 Nc5 31. Nac4 Bc8 32. Qa8 h6 33. Kh2 Kh7
34. Qc6 Na6 35. g4 Bb7 36. Qb6 Bc8 37. Kg3 g6 38. h4 Bb7 39. g5 Qxb6 40. Nxb6
Nh5+ 41. Kf3 hxg5 42. Bxg5 Bxg5 43. hxg5 Nc7 44. Bd7 Ng7 45. Ndc4 Nge8 46. Bc8
Ba6 47. Bxa6 Nxa6 48. Nc8 Nc5 49. N8xd6 Nxd6 50. Nxd6 Kg7 51. Nc4 Nd7 52. Na5
Kf7 53. Nc6 Ke8 54. Ke3 Kf7 55. Ke2 Ke8 56. Kf3 Kf8 57. Kg3 Ke8 1/2-1/2

[Event "4MCR_3DW_1L_3S"]
[Site "CR"]
[Date "2011.??.??"]
[Round "?"]
[White "Jirku, Jaroslav"]
[Black "Tunega, Frantisek"]
[Result "1-0"]
[WhiteElo "2321"]
[BlackElo "2244"]
[Annotator "089"]
[PlyCount "105"]
[EventDate "2011.??.??"]
[EventType "corr"]

1. e4 c5 2. Nf3 Nc6 3. d4 cxd4 4. Nxd4 Nf6 5. Nc3 e5 6. Ndb5 d6 7. Bg5 a6 8.
Na3 b5 9. Bxf6 gxf6 10. Nd5 Bg7 11. c3 f5 12. exf5 Bxf5 13. Nc2 O-O 14. Nce3
Be6 15. Bd3 f5 16. O-O Rb8 17. Qh5 Qd7 18. Bc2 Qf7 19. Qh4 h6 20. f4 e4 21.
Rad1 Rbe8 22. Kh1 Na5 23. g4 fxg4 24. Bxe4 Bc8 25. Bg2 Nc4 26. Nxg4 h5 27. Nf2
Nxb2 28. Rde1 Be6 29. Qg5 Na4 30. Rg1 Nc5 31. h3 Kh8 32. Ne4 Nxe4 33. Bxe4 Bf5
34. Bxf5 Rxe1 35. Bg6 Re5 36. Bxf7 Rxg5 37. Rxg5 Rxf7 38. Rxh5+ Kg8 39. Kg2 Rf8
40. Rg5 Kh7 41. f5 Bh6 42. Rh5 Kg7 43. Kf3 Bc1 44. f6+ Kg6 45. Rh4 Bg5 46. Rg4
Kf5 47. h4 Bc1 48. Re4 Bh6 49. Re7 Rc8 50. Rh7 Bf8 51. Rc7 Re8 52. f7 Re5 53.
Nf4 1-0

[Event "4MCR_3DW_1L_3S"]
[Site "CR"]
[Date "2011.??.??"]
[Round "?"]
[White "Jirku, Jaroslav"]
[Black "Valak, Alois"]
[Result "1-0"]
[WhiteElo "2321"]
[BlackElo "2421"]
[Annotator "090"]
[PlyCount "125"]
[EventDate "2011.??.??"]
[EventType "corr"]

1. e4 e5 2. Nf3 Nc6 3. Bb5 a6 4. Ba4 Nf6 5. O-O Be7 6. Re1 b5 7. Bb3 d6 8. c3
O-O 9. h3 Bb7 10. d4 Re8 11. Nbd2 Bf8 12. a4 h6 13. Bc2 exd4 14. cxd4 Nb4 15.
Bb1 c5 16. d5 Nd7 17. Ra3 c4 18. axb5 axb5 19. Nd4 Qb6 20. Nf5 Ne5 21. Rg3 g6
22. Nf3 Ned3 23. Be3 Qd8 24. Bxh6 Qf6 25. Qd2 Nxe1 26. Bxf8 Nxf3+ 27. Rxf3 gxf5
28. Rxf5 Qg6 29. Rg5 Qxg5 30. Qxg5+ Kxf8 31. Qh6+ Kg8 32. e5 Nd3 33. Qg5+ Kh7
34. exd6 Bc8 35. Qf6 Rf8 36. Bc2 Bd7 37. f4 Rg8 38. Qh4+ Kg7 39. Qg5+ Kh7 40.
Qe7 Rad8 41. Kh2 Kg7 42. Bd1 Bf5 43. Qg5+ Bg6 44. f5 Rxd6 45. fxg6 f6 46. Qh4
Rh8 47. Qe4 Ne5 48. Bc2 Rhd8 49. Qh4 Rh8 50. Qd4 Rhd8 51. Be4 Nxg6 52. Qa7+
R8d7 53. Qc5 Ne5 54. Qxb5 Rd8 55. Qc5 R8d7 56. h4 f5 57. Qd4 fxe4 58. Qxe5+ Kf8
59. Qxe4 Rxd5 60. Qxc4 Rd4 61. Qc5+ Kf7 62. Qh5+ Kg7 63. Qg5+ 1-0